| 000 | 00450nam a22001697a 4500 | ||
|---|---|---|---|
| 005 | 20180711114059.0 | ||
| 008 | 160616b xxu||||| |||| 00| 0 eng d | ||
| 020 | _a81-297-0352-1 | ||
| 041 | _aeng | ||
| 082 |
_b7923 _a658.15 |
||
| 100 |
_aWeston, J. Fred and others _91297 |
||
| 245 | _aTakeovers, Restructuring and corporate Governance | ||
| 260 |
_aDelhi _bpearson education _c2004 |
||
| 300 | _a657p, | ||
| 650 |
_aManagement _9241 |
||
| 942 | _cBK | ||
| 999 |
_c2892 _d2891 |
||